Caracterización visual de un subconjunto de fonemas consonantes del idioma español / Pablo Rodrigo Díaz Monterrosas (Registro nro. 26414)
[ vista simple ]
| 000 -LÍDER | |
|---|---|
| fixed length control field | 00571nam a2200121 4500 |
| 050 ## - SIGNATURA TOPOGRAFICA DE LA BIBLIOTECA DEL CONGRESO (LC) | |
| Número de Clasificación | QA76.9 MCCC3 T4 D5 2005 |
| 082 ## - NUMERO DE CLASIFICACION DECIMAL DEWEY | |
| Número de Clasificación | 006.37 D5c |
| 100 ## - ASIENTO PRINCIPAL--NOMBRE PERSONAL | |
| Nombre personal | Díaz Monterrosas, Pablo Rodrigo |
| 245 ## - TÍTULO | |
| Título | Caracterización visual de un subconjunto de fonemas consonantes del idioma español / Pablo Rodrigo Díaz Monterrosas |
| 300 ## - DESCRIPCIÓN FÍSICA | |
| Extensión | 107 p. / 28 cm. |
| 502 ## - NOTA DE TESIS | |
| Nota de tesis | Tesis. Opción I. CENIDET (Maestría en Ciencias en Ciencias Computacionales) Mc. Andrea Magad n Salazar |
| 650 ## - ASIENTO SECUNDARIO DE MATERIA - TERMINO TEMÁTICO | |
| Término temático o nombre geográfico como elemento de entrada | 1. INTELIGENCIA ARTIFICIAL \ 2. TRATAMIENTO DIGITAL DE IMÁGENES \ 3. VISIÓN POR COMPUTADORA |
| No. biblioteca | No. biblioteca | Número de clasificación | Código de barras/Número de adquisición | Número de copia | Tipo de material |
|---|---|---|---|---|---|
| MAESTRÍA C. COMPUTACIONALES | MAESTRÍA C. COMPUTACIONALES | 006.37 D5c | MCCC47-2005 | 1 | Libros |
